00426nam a2200157Ia 45000010006000000050017000060080041000230410008000640820016000721000034000882450093001222600009002153000028002246500008002526540008002601624020260306170255.0260306t2016||||xx |||||||||||||| ||und|| aESP a347.51bF48 aFigueroa Reinoso, EmilioeAUT 0aLa sociedad unipersonal:bla importancia de su regularización en el derecho societario c2016 a179 páginas :c24 cm. aGEN aCDE